Т. 2. Геодезические операции между Финским заливом и Ледовитым морем; Дуга меридиана в 25° 20´ между Дунаем и Ледовитым морем; Дуга меридиана в 25° 20´ между Дунаем и Ледовитым морем, измеренная с 1816 по 1855 год под руководством К. Теннера, Н. Х. Зеландера, Хр. Ганстена, Ф. Г. В. Струве

Detalles Bibliográficos
Parent link:Дуга меридиана в 25° 20´ между Дунаем и Ледовитым морем, измеренная с 1816 по 1855 год под руководством К. Теннера, Н. Х. Зеландера, Хр. Ганстена, Ф. Г. В. Струве/ В. Я. Струве; Императорская академия наук.— , 1861
Idioma:ruso
alemán
Publicado: 1861
Subjects:
Formato: MixedMaterials Libro
KOHA link:https://koha.lib.tpu.ru/cgi-bin/koha/opac-detail.pl?biblionumber=338785

MARC

LEADER 00000nam2a2200000 4500
001 338785
005 20231101032528.0
035 |a (RuTPU)RU\TPU\book\365289 
035 |a RU\TPU\book\365281 
090 |a 338785 
100 |a 20171201d1861 k y0rusy50 ca 
101 0 |a rus  |a ger 
102 |a RU 
105 |a fy z 000zy 
200 1 |a Т. 2. Геодезические операции между Финским заливом и Ледовитым морем 
210 |d 1861 
215 |a [6], 485 с.  |e вкл. л. 
421 1 |0 (RuTPU)RU\TPU\book\365291  |t Дуга меридиана в 25° 20´ между Дунаем и Ледовитым морем  |o чертежи  |f В. Я. Струве  |d 1861  |p 28 с.  |a Струве, Василий Яковлевич (Вильгельм) 
421 |c Санкт-Петербург 
461 1 |0 (RuTPU)RU\TPU\book\365274  |t Дуга меридиана в 25° 20´ между Дунаем и Ледовитым морем, измеренная с 1816 по 1855 год под руководством К. Теннера, Н. Х. Зеландера, Хр. Ганстена, Ф. Г. В. Струве  |f В. Я. Струве  |g Императорская академия наук  |d 1861 
513 1 |a Дуга меридиана. Второе отделение. Дуга Северная. Геодезические операции  |z rus 
610 1 |a меридиан 
610 1 |a Ледовитый океан 
610 1 |a Балтийское море 
610 1 |a экспедиции 
610 1 |a прибор Струве 
610 1 |a северная дуга 
610 1 |a азимуты 
610 1 |a геодезические линии 
801 1 |a RU  |b 63413507  |c 20171201 
801 2 |a RU  |b 63413507  |c 20171204  |g RCR 
942 |c BK